LEADER 00679nam0 22002531i 450 001 990007331280403321 005 20021010 035 $a000733128 035 $aFED01000733128 035 $a(Aleph)000733128FED01 035 $a000733128 100 $a20021010d--------km-y0itay50------ba 101 0 $aita 200 1 $aMirofondations$fWeintramb 210 $aCambridge$cCambridge Univ. press Literature$ds.d. 700 1$aWeintraub,$bEliot Roy$f<1943- >$0265448 801 0$aIT$bUNINA$gRICA$2UNIMARC 901 $aBK 912 $a990007331280403321 951 $aXV G1 107$b1938$c$dXV G1 107 959 $aDTE 996 $aMirofondations$9695276 997 $aUNINA DB $aGEN01 LEADER 00957nam0-22003251i-450 001 990007046140403321 005 20180409162351.0 010 $a3-8051-0731-5 035 $a000704614 035 $aFED01000704614 035 $a(Aleph)000704614FED01 035 $a000704614 100 $a20020213e19991877km-y0itay50------ba 101 0 $ager 102 $aDE 105 $ay-------001yy 200 1 $aPandekten$fvon Georg Friedrich Puchta 210 $aGoldbach$cKeip Verlag$dc1999 215 $aXXIV, 811 p.$d24 cm 225 1 $a100 Jahre bürgerliches Gesetzbuch$iPandektenrecht$v18 324 $aNachdr. der 12. Aufl. besorgt von Schirmer: Leipzig : Barth, 1877 676 $a340.54$v21$zita 700 1$aPuchta,$bGeorg Friedrich$f<1798-1846>$0259060 801 0$aIT$bUNINA$gRICA$2UNIMARC 901 $aBK 912 $a990007046140403321 952 $aIV M 319 (18)$b40171*$fFGBC 959 $aFGBC 996 $aPandekten$9707359 997 $aUNINA LEADER 01023nam0-2200301 --450 001 9910521106703321 005 20220210135043.0 010 $a978-88-6760-280-3 100 $a20220210d2015----kmuy0itay5050 ba 101 0 $aita 102 $aIT 105 $aa 001yy 200 1 $aViste da vicino$edinamiche e criticità dell'innovazione digitale nella didattica$ecasi e indicazioni da esplorazioni sul campo$fPaolo Calidoni, Maria Francesca Ghiaccio 210 $aLecce$aRovato$cPensa MultiMedia$d2015 215 $a187 p.$cill.$d24 cm 225 1 $aOpen learning$v14 320 $aContiene riferimenti bibl. (pp. 175-187) 610 0 $aSsistemi multimediali$aImpiego didattico 676 $a371.33467$v20$zita 700 1$aCalidoni,$bPaolo$0481604 701 1$aGhiaccio,$bMaria Francesca$0773413 801 0$aIT$bUNINA$gREICAT$2UNIMARC 901 $aBK 912 $a9910521106703321 952 $aCOLLEZ. 2972 (14)$b2168/2021$fFSPBC 959 $aFSPBC 996 $aViste da vicino$91724301 997 $aUNINA